000 00456nam a2200181Ia 4500
008 230524s9999 xx 000 0 und d
020 _a9788174092593
082 _bOZA
100 _aHasmukh P. Oza
_942846
245 0 _aSoil Mechanics and Foundation Engineering
250 _a2
260 _aNew Delhi
_bCharotar
_c2013
300 _a"XXVI,722p"
500 _aQuantity Number: 1
650 _aCivil
700 _aGautam H. Oza
_942847
942 _cBK
999 _c57819
_d57819